2026 FIFA World Cup Cities - Sudden Death - Statistics

General Stats
  • This quiz has been taken 191 times
  • The average score is 6 of 16
Answers on the Grid
Answers color-coded by a green-red scale on the quiz's grid according to % correct below.
Dallas
Mexico City
New York City
Atlanta
Kansas City
Houston
San Francisco
Los Angeles
Philadelphia
Seattle
Boston
Miami
Vancouver
Monterrey
Guadalajara
Toronto
Portland
Salt Lake City
Phoenix
Cleveland
Baltimore
Denver
San Antonio
Washington D.C.
Saint Louis
Chicago
Detroit
Calgary
Montreal
Edmonton
Leon
Tijuana
 
Answer Stats
Answer % Correct
Mexico City
57%
Los Angeles
52%
New York City
50%
Toronto
49%
Dallas
42%
Vancouver
42%
Boston
40%
Miami
39%
Guadalajara
38%
Seattle
38%
Monterrey
37%
Atlanta
36%
Philadelphia
35%
Houston
34%
San Francisco
31%
Kansas City
30%
No matching quizzes found
Score Distribution
Percent of People with Each Score
Percentile by Number Answered
Your Score History
You have not taken this quiz